000 00578nam a2200229Ia 4500
003 OSt
005 20220924133602.0
006 a|||||r|||| 00| 0
007 ta
008 220923b |||||||| |||| 00| 0 mal d
024 _a267156
037 _cTextual
040 _aARTS
_cARTS
_bmal
041 _2mal
_amal
082 _aO32,3NVDN,1, J4
100 _aVasu Devan Nair
_9206839
245 0 _aLady typist
260 _c1954
650 _aMALAYALAM FICTION
_9183428
942 _hO32,3NVDN,1, J4
_cTEXL
_2CC
999 _c434326
_d434326